000 00417nam a22001577a 4500
003 OSt
005 20251031111324.0
008 251031b |||||||| |||| 00| 0 eng d
022 _a0040-5639
100 _aJames Bretzke, SJ
245 _aFUGIMURA, MAKOTO:
_bSilence and Beauty
260 _aUSA,
_bSages Publication;
_c2018
300 _aP.219-220
440 _aTheological Studies
_nNo.1
_vVol.79
942 _2lcc
_cART
999 _c205019
_d204979